[Event "US-ch Women 2019"]
[Site "Saint Louis"]
[Date "2019.03.21"]
[Round "2.5"]
[White "Feng, Maggie"]
[Black "Nguyen, Emily"]
[Result "1/2-1/2"]
[WhiteElo "2199"]
[BlackElo "2143"]
[Annotator "TA"]
[PlyCount "69"]
[EventDate "2019.03.20"]
[EventType "swiss"]
[EventCountry "USA"]
[SourceTitle "playchess.com"]
[Source "ChessBase"]
[SourceQuality "1"]

{[%evp 12,69,23,14,33,13,11,19,17,22,12,26,51,49,57,51,54,41,66,40,44,42,38,56,39,45,61,56,53,53,50,50,31,13,9,9,12,14,14,10,37,12,38,0,0,0,0,0,0,0,0,0,0,0,0,0,0,0,0,0]} 1. Nf3 d5 2. c4 c6 3. g3 Nf6 4. Bg2 g6 5. b3 {[%cal Bb2b3,Bb3c4][%mdl 32]} Bg7 6. Bb2 O-O 7. O-O b5 {A11: English Opening: 1...c6} (7... Bg4 8. d3 Bxf3 9. Bxf3 e6 10. Nd2 Nbd7 11. Qc2 a5 12. a3 Qe7 13. Bg2 Rfd8 14. e3 Ne8 15. d4 b5 16. a4 b4 17. Rac1 Nd6 18. Rfd1 Rac8 19. Qd3 {½-½ (30) Grischuk,A (2771)-Kamsky,G (2666) St Petersburg 2018}) 8. Qc2 bxc4 9. bxc4 Nbd7 $146 ({Predecessor:} 9... Ba6 10. d3 Nbd7 11. Nbd2 Re8 12. Ne5 Nxe5 13. Bxe5 Qa5 14. Nf3 Nd7 15. Bxg7 Kxg7 {½-½ (34) Parliaros,D-O'Kelly de Galway,A Amsterdam 1954}) 10. d3 Rb8 11. Nbd2 Bb7 12. Rab1 c5 13. cxd5 Bxd5 14. Nc4 Nb6 15. Nfd2 Nxc4 16. Nxc4 Bxg2 17. Kxg2 Qd5+ 18. f3 h5 19. Be5 Rb4 {[#] Threatens to win with ...Rxc4!} 20. Bc3 Rbb8 21. Rxb8 (21. Rb3 {is interesting.} Rxb3 22. axb3 Qd7 23. Qb2 Bh6 24. Bxf6 exf6 25. Qxf6 Re8 26. Re1) 21... Rxb8 22. Rb1 Rxb1 23. Qxb1 Nd7 24. Bxg7 Kxg7 25. Qb2+ Kh7 26. Qa3 (26. Kf2 {with more complications.} g5 27. Ne3 Qd4 28. Qxd4 cxd4 29. Nf5) 26... Nb6 (26... Qe6 {feels hotter.} 27. Kf1 Qh3+ 28. Kg1 Qe6 29. Qb2 f6) 27. Qxa7 Nxc4 {The position is equal.} 28. dxc4 Qxc4 29. Qxe7 Qxa2 $14 {[%mdl 4096] Endgame KQ-KQ} 30. Kf2 Qd5 31. Qf6 c4 32. Ke3 Kg8 33. Qd4 Qb5 34. Qc3 Qc5+ 35. Qd4 {Accuracy: White = 56%, Black = 66%.} 1/2-1/2

[Event "US-ch Women 2019"]
[Site "Saint Louis"]
[Date "2019.03.21"]
[Round "2.6"]
[White "Foisor, Sabina-Francesca"]
[Black "Sharevich, Anna"]
[Result "1/2-1/2"]
[WhiteElo "2276"]
[BlackElo "2282"]
[Annotator "TA"]
[PlyCount "138"]
[EventDate "2019.03.20"]
[EventType "swiss"]
[EventCountry "USA"]
[SourceTitle "playchess.com"]
[Source "ChessBase"]
[SourceQuality "1"]

{[%evp 9,138,22,15,15,29,27,27,32,40,32,38,35,50,50,75,45,78,56,58,33,46,32,19,22,29,16,16,14,32,0,0,-3,0,-37,-10,-8,-8,0,-3,-5,11,5,52,-8,-2,-81,-80,-276,-268,-262,-258,-261,-257,-290,-247,-298,-263,-281,-213,-206,-149,-199,-96,-294,-157,-154,-108,-110,0,-88,-66,-70,-47,-28,-22,-64,-52,-210,-209,-168,-116,-144,-90,-289,-289,-289,-289,-289,-289,-289,-289,-289,-289,-289,-289,-289,-289,-289,-289,-289,-289,-289,-289,-289,-289,-289,-289,-289,-289,-289,-289,-289,-289,-289,-289,-289,-289,-289,-289,-289,-207,-207,-207,-207,-207,-207,-207,-207,-207,-207,-207]} 1. d4 d5 2. Bg5 c6 3. Nf3 Bf5 4. e3 Qb6 (4... Nd7 5. c4 Ngf6 6. cxd5 cxd5 7. Nc3 Ne4 8. Nxe4 Bxe4 9. Nd2 Bg6 10. Qb3 f6 11. Bf4 e5 12. Bg3 exd4 13. exd4 {½-½ (90) Andreikin,D (2743)-Wen,Y (2611) Moscow 2016}) 5. b3 Nf6 6. Bxf6 {D00: 1 d4 d5: Unusual lines} exf6 7. Bd3 Bxd3 8. Qxd3 {White has an edge.} Na6 9. O-O Be7 10. c4 dxc4 $146 ({Predecessor:} 10... O-O 11. Nc3 Nc7 12. Qc2 {½-½ (27) Demian,M-Mrazik,L Slovakia 1999}) 11. bxc4 O-O 12. Nbd2 Rad8 13. Qb3 Qc7 14. c5 b6 15. Qa4 (15. Qc4 $5 {[%cal Rc4a6]} Nb8 16. cxb6 axb6 17. Rfc1 $16) 15... Nb8 16. cxb6 axb6 17. Rac1 Rd5 18. Qc2 Qa7 19. Nb3 Rfd8 20. e4 R5d7 21. Qe2 Ba3 22. Rc3 Bb4 23. Re3 $1 Qa6 24. Qc2 c5 25. d5 Re7 26. Nh4 (26. a3 $1 $14 Ba5 27. Rb1 (27. Nxa5 Qxa5 28. Rb1 Nd7 $14)) 26... g6 $1 $11 {[#]} 27. Qb2 (27. a3 $1 $11 {[%mdl 512]} Ba5 (27... Qxa3 28. Ra1) 28. Rb1 (28. Nxa5 Qxa5 29. Nf3 Nd7 $11)) 27... Nd7 $17 28. f4 $2 (28. Nf3 $17) 28... Rde8 $19 29. Qc2 c4 30. Nd4 Bc5 31. Nhf3 b5 {[%cal Bb6b5,Bb5b4][%mdl 32]} 32. Rfe1 Qb6 33. Qd2 b4 34. Kh1 c3 35. Qd3 Ra8 (35... Qd6 $19 {is more deadly.} 36. f5 Bxd4 37. Qxd4 Rc8) 36. Nc6 $2 (36. R3e2 $17) 36... Ree8 ({Less strong is} 36... Rxa2 37. Nxe7+ Bxe7 38. e5 $11) (36... Bxe3 $19 37. Nxe7+ Kf8 38. Rxe3 Qc5) 37. R3e2 $17 Nb8 38. Ncd4 Nd7 ({Black should play} 38... Bxd4 $17 39. Nxd4 Qa6 40. Qxa6 Nxa6) 39. Nb3 (39. Nc6 $1 $11) 39... Bf8 40. e5 fxe5 41. fxe5 Nc5 $36 {[%mdl 2048] Black is pushing.} 42. Qd4 Qb5 {Hoping for ...Nxb3.} 43. e6 $2 (43. d6 $15 Nd3 44. Rd1) 43... fxe6 $19 44. dxe6 {aiming for e7.} Nxb3 (44... Nd3 $19 45. Rg1 Be7) 45. axb3 $17 {[#]} Bg7 (45... Be7 $142 $1 46. Qe4 Ra6) 46. Qd7 $2 (46. Qf4 $17) 46... Qxd7 $19 47. exd7 Rxe2 48. Rxe2 {[%mdl 4096] Endgame [#] KRB-KRN} Kf8 $1 49. Ne1 Rd8 50. Re8+ Rxe8 51. dxe8=Q+ Kxe8 {KB-KN} 52. Kg1 Kd7 53. Kf2 Ke6 54. Ke3 Kd5 55. Nc2 Bf8 56. Kd3 Bc5 57. Ne1 g5 58. h3 Ke5 59. Nc2 Kf4 60. Ke2 Ke4 61. Ne1 Be7 62. Nc2 h5 63. Ne1 g4 64. hxg4 hxg4 65. Nc2 {Black is clearly better.} Kf4 66. Ne1 Kg3 67. Kf1 Bc5 68. Nc2 Kf4 69. Ke2 Ke4 {Accuracy: White = 51%, Black = 73%.} 1/2-1/2

[Event "US-ch Women 2019"]
[Site "Saint Louis"]
[Date "2019.03.22"]
[Round "3.1"]
[White "Krush, Irina"]
[Black "Yu, Jennifer"]
[Result "0-1"]
[WhiteElo "2451"]
[BlackElo "2273"]
[Annotator "TA"]
[PlyCount "80"]
[EventDate "2019.03.20"]
[EventType "swiss"]
[EventCountry "USA"]
[SourceTitle "playchess.com"]
[Source "ChessBase"]
[SourceQuality "1"]

{[%evp 13,80,4,14,6,25,21,20,10,14,12,26,43,55,58,85,0,0,8,6,0,63,31,31,31,31,31,39,0,34,-10,42,37,91,46,92,56,80,50,83,78,105,45,83,0,0,-136,-83,-66,-63,-89,-103,-258,-234,-866,-889,-911,-911,-901,-851,-878,-859,-857,-865,-1264,-660,-1280,-1260,-1033,-950]} 1. c4 c6 2. e4 d5 3. exd5 cxd5 4. d4 Nf6 5. Nc3 Nc6 6. Bg5 Be6 7. a3 Qd7 (7... dxc4 $2 8. Bxf6 Qa5 9. Be5 $18) 8. Be2 {B13: Caro-Kann: Exchange Variation and Panov-Botvinnik Attack} (8. Nge2 dxc4 9. Bxf6 exf6 10. d5 O-O-O 11. dxc6 Qxc6 12. Qa4 Qb6 13. Qb5 Qc7 14. Ng3 a6 15. Qa4 Qf4 {1-0 (39) Inarkiev,E (2693)-Dreev,A (2670) Moscow 2018}) 8... Rd8 ({Of course not} 8... dxc4 $6 9. Bxf6 gxf6 10. d5 $16) 9. Bxf6 exf6 10. c5 {The position is equal.} g6 11. Nf3 h5 $146 ({Predecessor:} 11... Bh6 12. b4 a6 13. O-O O-O 14. Rb1 Rfe8 15. a4 a5 {1-0 (64) Sanchez Rodenas,J (2342)-Fetisov,A (2429) ICCF email 2014}) 12. b4 {[%cal Bb2b4,Bb4b5,Bb5b6][%mdl 32]} Bh6 13. b5 Ne7 14. h4 (14. a4 $16) 14... Kf8 15. a4 Kg7 16. a5 Nc8 (16... Bg4 $11) 17. b6 a6 18. Na2 Ne7 19. Nb4 Qc8 20. Ra3 Rde8 21. Rc3 Bd7 (21... Bg4 $11) 22. O-O $14 Bc6 (22... Bf4 $14) 23. Ne1 Nf5 24. Nxc6 Qxc6 {[#]} 25. Nc2 $1 Nxh4 26. Nb4 Qe6 27. Bd3 ({White should play} 27. Bf3 $16) 27... Bf4 28. c6 ({White should try} 28. Bb1 $16) 28... Bd6 $11 29. Rc5 (29. Nc2 $1 $11 {keeps the balance.} bxc6 30. Bxa6) 29... Bxc5 $40 {[%mdl 128] White is in trouble.} (29... f5 $142 {White must now prevent ...Qf6.} 30. cxb7 Qf6) 30. dxc5 $17 bxc6 31. Nxa6 Qe5 {Strongly threatening ...Qg5.} 32. Nc7 $2 {[#]} (32. b7 $17 {might work better.}) 32... Re7 $1 $19 {[%cal Be8e7,Be7e1,Be1a1][%mdl 32]} 33. Qa4 $2 (33. a6 d4 34. a7 Qxc5 35. a8=Q Rxa8 36. Nxa8) 33... Qg5 {[%csl Gh4][%cal Rg5g2] Black is clearly winning.} 34. g3 Nf3+ 35. Kg2 Ne1+ 36. Rxe1 Rxe1 37. Qf4 Qg4 38. f3 Qd7 39. a6 {White hopes to continue with Qd6.} Qe7 40. Qd2 Ra1 {Accuracy: White = 49%, Black = 54%.} ({Don't go for} 40... Qe3 $2 41. Qxe3 Rxe3 42. a7 $18) 0-1

[Event "US-ch Women 2019"]
[Site "Saint Louis"]
[Date "2019.03.22"]
[Round "3.2"]
[White "Yip, Carissa"]
[Black "Abrahamyan, Tatev"]
[Result "0-1"]
[WhiteElo "2279"]
[BlackElo "2377"]
[Annotator "TA"]
[PlyCount "72"]
[EventDate "2019.03.20"]
[EventType "swiss"]
[EventCountry "USA"]
[SourceTitle "playchess.com"]
[Source "ChessBase"]
[SourceQuality "1"]

{[%evp 11,72,-8,1,3,15,11,36,5,54,28,41,-4,-7,-12,0,-93,-89,-227,-236,-240,-229,-243,-241,-226,-218,-248,-172,-241,-240,-245,-247,-218,-228,-210,-218,-206,-221,-316,-319,-365,-358,-386,-404,-402,-368,-440,-377,-439,-350,-627,-272,-445,-445,-605,-612,-588,-592,-658,-658,-596,-460,-1384,-1300]} 1. e4 e6 2. f4 d5 3. e5 c5 4. Nf3 Nc6 5. c3 Nh6 6. Na3 Nf5 7. Nc2 {C00: French: Unusual White 2nd moves} d4 (7... Be7 8. d4 Bd7 9. Bd3 g6 10. O-O cxd4 11. Bxf5 gxf5 12. Ncxd4 Qb6 13. Rf2 Na5 14. b3 Rc8 {0-1 (45) Izoria,Z (2603)-Smirnov,A (2569) chess.com INT 2019}) 8. Bd3 Be7 9. Qe2 {White is slightly better.} h5 10. Be4 Bd7 $146 ({Predecessor:} 10... h4 11. d3 Qb6 12. c4 Bd7 13. O-O Qc7 14. Bd2 a6 {1-0 (61) Sattarov,B (2328)-Eynullayev,A (2134) Poti 2018}) 11. Qd3 Qb6 12. b3 Rd8 13. Bb2 {[#]} (13. cxd4 $11 Ncxd4 14. Ncxd4 cxd4 15. a4) 13... c4 $1 $17 {[%mdl 512]} 14. Qxc4 {[#]} (14. Qf1 $17) (14. bxc4 Qxb2) 14... Nxe5 $1 $19 {[%mdl 512]} 15. Nxe5 Bb5 {[%mdl 64] Trapped Piece} 16. Bxf5 {[%cal Rc2d4]} Bxc4 17. Nxc4 Qc6 {Threatens to win with ...dxc3.} 18. Bh3 b5 ({Not} 18... d3 19. N2e3 $11) 19. Ne5 (19. Nxd4 $142 Rxd4 20. cxd4 Bh4+ 21. Kd1 bxc4 22. Rc1) 19... Qe4+ {[%mdl 64] Double Attack} 20. Kd1 dxc3 ({Weaker is} 20... Qxf4 21. cxd4 O-O 22. Rc1 $15) 21. Bxc3 b4 $40 {[%mdl 128] Black wants a kill.} 22. Bb2 Qxf4 {[%csl Gd8][%cal Rf4d2]} 23. Nc4 Bf6 24. Kc1 (24. Bxf6 {is a better defense.} Qxf6 25. Kc1) 24... Bc3 25. Kb1 Bxd2 ({Less strong is} 25... Bxb2 26. Kxb2 Qf6+ 27. Kc1 $17) 26. Bxg7 Bc3 27. Bxc3 bxc3 28. a3 Qf2 29. Rc1 O-O {Hoping for ...Rd2!} 30. Ra2 $2 {[#]} (30. a4 Rd3 31. Ka2) 30... Qc5 (30... Rd2 $142 $1 {[%mdl 512]} 31. Nb4 (31. Nxd2 cxd2) 31... a5 $1 {[%mdl 512]}) 31. Ka1 $2 (31. N2e3 Rd3 32. Rac2) 31... Rb8 {Black is clearly winning.} 32. Nb4 {[#] Rac2 would now be nice for White.} a5 $1 33. Na6 {[#]} Qg5 $1 {[%cal Rg5c1]} 34. Rxc3 {Black must now prevent Rg3.} Qf6 35. Kb2 Rbc8 {Strongly threatening ...Rfd8.} 36. g4 (36. Ra1 $142) 36... Rfd8 {Accuracy: White = 38%, Black = 65%.} 0-1

[Event "US-ch Women 2019"]
[Site "Saint Louis"]
[Date "2019.03.22"]
[Round "3.3"]
[White "Zatonskih, Anna"]
[Black "Feng, Maggie"]
[Result "1-0"]
[WhiteElo "2430"]
[BlackElo "2199"]
[Annotator "TA"]
[PlyCount "147"]
[EventDate "2019.03.20"]
[EventType "swiss"]
[EventCountry "USA"]
[SourceTitle "playchess.com"]
[Source "ChessBase"]
[SourceQuality "1"]

{[%evp 20,147,29,29,44,27,30,37,42,37,34,6,52,63,74,25,79,63,79,65,83,75,101,98,96,103,118,125,127,118,114,112,181,145,173,116,100,97,243,243,243,243,243,243,243,243,243,243,243,243,243,243,1020,912,1020,1020,1188,1013,1047,1006,998,998,998,835,835,287,29951,29951,29953,29957,29956,29952,29951,0,29953,29955,29950,29951,29956,29955,29959,29953,29958,29955,29949,29945,29949,364,29957,29953,29952,29955,29954,29954,29953,29954,29965,29965,29965,29967,29965,29968,29968,29969,29969,29969,29970,29971,29971,29972,29972,29973,29973,29974,29973,29975,29982,29982,29985,29986,29987,29988,29988,29989,29989,29989,29989,29990,29993,29994]} 1. Nf3 d5 2. d4 c5 3. e3 Nf6 4. c4 cxd4 5. exd4 g6 6. cxd5 Bg7 7. Bc4 O-O 8. Nc3 Nbd7 9. O-O Nb6 10. Bb3 Nbxd5 11. Re1 Re8 {B14: Caro-Kann: Panov-Botvinnik Attack with 5...e6 and 5...g6} (11... b6 12. Bg5 Bb7 13. Rc1 Nxc3 14. bxc3 Rc8 15. Qd3 Qd6 16. Ne5 e6 17. h4 Nd5 18. c4 Ne7 19. c5 bxc5 20. Nxf7 Qxd4 21. Qxd4 Bxd4 22. Bxe6 {1-0 (30) Barbosa,O (2533)-Perelshteyn,E (2507) Rockville 2017}) 12. Ne5 Be6 13. Qf3 Qd6 {White is slightly better.} 14. Bd2 $146 ({Predecessor:} 14. Nc4 Qa6 15. Rxe6 fxe6 16. Ne5 Rad8 17. h4 Rf8 18. Qh3 Qb6 19. Be3 {1-0 (28) Weise,M (2144)-Rueger,E (2205) Germany 2009}) 14... a6 15. h3 Red8 16. Nd3 Nxc3 17. bxc3 {Threatens to win with Bxe6.} (17. Rxe6 $5 fxe6 18. bxc3 $16) 17... Bxb3 (17... Bd5 $11 {keeps the balance.} 18. Bxd5 Nxd5) 18. axb3 $16 b5 19. Nc5 {And now Nb7 would win.} Rdc8 20. b4 Nd5 21. Ra5 Nb6 22. Rea1 Nc4 23. Bf4 e5 24. Rxa6 Rxa6 25. Rxa6 Qd8 {[#]} (25... Qe7 $16 {might work better.}) 26. dxe5 $1 $18 Nxe5 {[#]} 27. Bxe5 ({White should try} 27. Qb7 $1 $18) 27... Bxe5 $16 28. g3 Qd2 (28... Kg7 $16) 29. Ra7 $18 Rf8 30. Nd7 $40 {[%mdl 192] Double Attack. White attacks with force.} Qxc3 31. Qxc3 Bxc3 32. Nxf8 Kxf8 {[%mdl 4096] Endgame KR-KB} 33. Rb7 Bxb4 34. Rxb5 Bd2 35. g4 h6 $2 (35... Bc3 36. Kg2 Bd2) 36. Kg2 Kg7 37. h4 Bc3 38. Kg3 Bd4 39. Rd5 Bc3 40. Kf3 Kf6 41. Rb5 Kg7 42. h5 gxh5 $2 (42... g5 $18 43. Ke3 Bf6) 43. Rxh5 Kg6 44. Ke4 Bb2 45. Kd5 Bc1 46. Ke4 Bb2 47. Rb5 Bc3 48. Rb6+ Kg7 49. Rc6 Be1 50. f3 Bd2 51. Kd5 Bf4 52. Ra6 Be3 53. Kd6 $2 (53. Ke5 {mates} Bc5 54. f4 Bb4 55. Rc6 Bd2 56. Kf5 Be3 57. Ke4 Bd2 58. Ra6) 53... Bg5 $2 (53... f5 $18 54. Ke5 fxg4) 54. Ke5 {White mates.} Bd2 55. f4 Bc3+ 56. Kd5 Bd2 57. f5 Bg5 58. Kd6 Kf6 59. Kd7+ Ke5 60. Ke8 f6 61. Kf7 Kf4 62. Ra4+ Kg3 63. Kg6 Kh4 64. Rc4 Kg3 65. Kh5 Kf3 66. Rc8 Kf4 67. Rh8 Kf3 68. Rxh6 Bxh6 69. Kxh6 Kxg4 {KP-KP} 70. Kg6 Kh4 71. Kxf6 Kh5 72. Ke7 Kh6 73. f6 Kh7 74. f7 {Accuracy: White = 76%, Black = 20%.} 1-0

[Event "US-ch Women 2019"]
[Site "Saint Louis"]
[Date "2019.03.22"]
[Round "3.4"]
[White "Nguyen, Emily"]
[Black "Wang, Annie"]
[Result "1/2-1/2"]
[WhiteElo "2143"]
[BlackElo "2304"]
[Annotator "TA"]
[PlyCount "81"]
[EventDate "2019.03.20"]
[EventType "swiss"]
[EventCountry "USA"]
[SourceTitle "playchess.com"]
[Source "ChessBase"]
[SourceQuality "1"]

{[%evp 14,81,17,15,8,17,12,10,17,22,18,9,11,4,8,9,46,43,44,41,49,40,52,53,54,49,52,49,46,43,41,2,70,0,50,32,54,12,14,0,68,61,64,34,31,0,0,0,3,0,6,2,5,0,0,7,18,-4,0,0,0,0,36,34,28,11,8,14,8,0]} 1. d4 e6 2. e4 d5 3. exd5 exd5 4. Nf3 Nf6 5. Bd3 Bd6 6. O-O O-O 7. h3 h6 8. Nc3 Nc6 {C01: French: Exchange Variation} (8... c6 9. Ne5 c5 10. Nb5 Be7 11. dxc5 Bxc5 12. Bf4 a6 13. Nc3 Nc6 14. Qd2 d4 15. Ne2 Re8 16. Nxc6 bxc6 {½-½ (37) Fressinet,L (2668)-Bacrot,E (2696) Balagna 2017}) 9. Nb5 Nb4 10. Nxd6 Qxd6 11. Ne5 Nxd3 12. Qxd3 Ne4 $146 ({Predecessor:} 12... c5 13. Qa3 Ne4 14. Bf4 c4 15. Qxd6 Nxd6 16. Ng6 fxg6 17. Bxd6 Rf6 18. Be7 {½-½ (18) Fernandez Garcia,J (2445)-Apicella,M (2555) Linares 1995}) 13. Bf4 Qf6 14. Bh2 Nd6 15. Rfe1 c6 16. Re2 Bf5 17. Qf3 Rad8 18. Rae1 Qh4 19. Qa3 Nb5 20. Nf3 Qf6 21. Qe3 Be4 {Threatening ...Bxf3.} 22. Ne5 Nd6 (22... Qg5 $1 $11 23. Qxg5 hxg5) 23. b3 (23. f3 $14 Bf5 24. g4) 23... Qh4 24. c3 Rfe8 25. Bg3 Qh5 26. Qd2 Re6 (26... Nf5 $11) 27. Nd3 Rf6 28. Nc5 Qg6 29. Nxe4 Nxe4 30. Rxe4 dxe4 31. Bh4 Rdd6 {Threatens to win with ...Rf3.} 32. Bxf6 Rxf6 $11 {[%mdl 4096] Endgame KQR-KQR} 33. Qe3 Re6 34. c4 f5 35. Qf4 Rd6 36. Rd1 b6 37. Rd2 Kh7 38. d5 Qf6 39. dxc6 Rxd2 40. Qxd2 {[#] Strongly threatening Qd5.} Qxc6 41. Kh2 {Accuracy: White = 45%, Black = 46%.} 1/2-1/2

[Event "US-ch Women 2019"]
[Site "Saint Louis"]
[Date "2019.03.22"]
[Round "3.5"]
[White "Sharevich, Anna"]
[Black "Gorti, Akshita"]
[Result "0-1"]
[WhiteElo "2282"]
[BlackElo "2272"]
[Annotator "TA"]
[PlyCount "128"]
[EventDate "2019.03.20"]
[EventType "swiss"]
[EventCountry "USA"]
[SourceTitle "playchess.com"]
[Source "ChessBase"]
[SourceQuality "1"]

{[%evp 19,128,1,16,10,46,32,45,64,49,32,56,8,39,0,0,-38,19,24,35,6,17,8,20,9,91,36,255,166,173,176,215,233,237,233,220,233,214,179,186,126,159,163,220,217,232,226,223,221,217,219,223,163,226,225,227,221,238,222,300,279,270,185,193,191,195,195,173,173,177,97,118,33,108,111,104,109,120,92,89,92,130,85,230,80,529,339,312,79,72,31,262,247,268,234,344,334,291,309,285,72,72,72,86,0,247,0,0,0,195,-1022,-910]} 1. d4 e6 2. c4 Nf6 3. g3 d5 4. Bg2 Be7 5. Nf3 O-O 6. O-O Nbd7 7. Qc2 c6 8. Nbd2 b6 9. b3 Bb7 10. Bb2 a5 11. e4 {E09: Closed Catalan: Main Line: 7 Qc2 c6 8 Nbd2} Rc8 (11... Qb8 12. Rfe1 Rc8 13. Rac1 a4 14. Qb1 axb3 15. axb3 Bb4 16. Bc3 Bxc3 17. Rxc3 c5 18. exd5 exd5 {½-½ (37) Altounian,L (2443)-Blomqvist,E (2502) chess.com INT 2018}) 12. Rad1 c5 $146 ({Predecessor:} 12... Ne8 13. Qd3 Nc7 14. Rfe1 Re8 15. h4 h6 16. Nh2 Nf6 17. e5 Nd7 18. Ng4 c5 {1-0 (45) Hentunen,A (2327)-Sorsa,N (2223) Finland 2010}) 13. exd5 {White is slightly better.} exd5 14. dxc5 Bxc5 15. Qb1 Qc7 16. cxd5 Bxd5 17. Nc4 Bxc4 ({Black should play} 17... Be4 $15 18. Qc1 Rfe8) 18. bxc4 $11 h6 19. Nh4 Ne5 20. Nf5 Rfe8 21. Qa1 Neg4 {[#]} (21... Nfg4 $11 {keeps the balance.}) 22. Bxf6 (22. Nxg7 $1 $16 {[%mdl 512]} Kxg7 23. Bh3) 22... Nxf2 $2 (22... Nxf6 $14 23. Nxh6+ Kh7) 23. Bd4 (23. Bxg7 Nxd1+ 24. Bd4 Bxd4+ 25. Qxd4 Qc5 $14) 23... Nxd1 24. Qxd1 {And now Nxh6+! would win.} (24. Rxd1 Qe5 $11) 24... Qe5 25. Bxc5 Qxc5+ 26. Kh1 {Hoping for Qg4.} Qe5 27. Bd5 $1 {Nd6! is the strong threat.} Rc7 28. Qg4 Kh8 29. Qd4 (29. Nd4 $18) 29... Qxd4 30. Nxd4 f6 (30... g6 {was necessary.} 31. Rb1 (31. Rxf7 Rxf7 32. Bxf7 Re1+ 33. Kg2 Re4 $11) 31... Kg7 32. Rxb6 Re1+ 33. Kg2 Rd1) 31. Rb1 $18 Rb8 32. Nc6 Re8 33. a4 Re3 34. Rxb6 Ra3 35. Ra6 Rxa4 (35... Rb7 $142) 36. Rxa5 ({Not} 36. Nxa5 Ra2 $11) 36... Rxa5 37. Nxa5 g6 38. Nb3 Kg7 39. Nd4 {Strongly threatening Ne6+.} Ra7 40. Ne6+ Kf7 41. Nf4+ Kg7 42. c5 {[%cal Bc4c5,Bc5c6][%mdl 32] Black must now prevent c6.} f5 43. c6 Kf6 44. Bf3 (44. Bg8 $18) 44... g5 $16 45. Nd3 (45. Nd5+ $16 Ke5 46. c7 Ra1+ 47. Kg2) 45... g4 ({Better is} 45... Ke6 $14) 46. Bd5 Ke7 47. Nf4 Kd6 48. Kg2 Ra1 49. Kf2 Rc1 50. Ke3 Re1+ (50... Ra1 $16) 51. Kd2 (51. Ne2 $1 $18 {and the rest is easy.}) 51... Re7 $2 {[%mdl 8192]} (51... Ra1 $16) 52. Bg2 Ra7 53. Kc3 $2 (53. Ne2 $1 $18 {is the precise move to win.}) 53... Ra2 54. Kd4 Rd2+ $2 (54... h5 $14) 55. Ke3 $1 $18 {[%cal Re3d2]} Ra2 56. Ne2 $1 Ra3+ (56... Rb2 $142 57. Kd3 Ra2) 57. Kd2 Ra2+ 58. Kd3 $1 Rb2 {[#]} 59. Nf4 $2 (59. Bd5 $1 $18 {[%mdl 512]}) 59... Ra2 $16 60. Kc4 Rb2 61. Kc3 (61. Bd5 $16) 61... Rf2 $2 {[#]} (61... Ra2 $1 $11) 62. Kd4 $2 ({Only move:} 62. Bd5 $1 $18) 62... Rd2+ $1 $11 63. Ke3 Rb2 $2 (63... Ra2 $1 $11) 64. h3 $4 {[%mdl 8192] [#]} (64. Ne2 $18) 64... Rxg2 $1 {[%mdl 512] Accuracy: White = 37%, Black = 23%.} 0-1

[Event "US-ch Women 2019"]
[Site "Saint Louis"]
[Date "2019.03.22"]
[Round "3.6"]
[White "Eswaran, Ashritha"]
[Black "Foisor, Sabina-Francesca"]
[Result "1-0"]
[WhiteElo "2234"]
[BlackElo "2276"]
[Annotator "TA"]
[PlyCount "101"]
[EventDate "2019.03.20"]
[EventType "swiss"]
[EventCountry "USA"]
[SourceTitle "playchess.com"]
[Source "ChessBase"]
[SourceQuality "1"]

{[%evp 17,101,24,14,10,15,-8,9,-22,-12,0,11,0,62,60,58,40,62,70,75,19,12,28,21,-62,-55,-61,-57,-54,-52,-59,-66,-60,0,0,26,-61,-58,-86,91,36,56,61,353,348,439,443,516,395,400,370,694,705,813,809,800,785,720,483,506,500,712,695,702,642,687,682,657,485,630,633,613,605,567,536,556,491,571,487,699,711,703,683,666,669,1070,1008]} 1. e4 d6 2. d4 Nf6 3. Nc3 g6 4. Nf3 Bg7 5. Be2 O-O 6. O-O a6 7. a4 Nc6 8. d5 {B08: Pirc Defence: Classical System} (8. h3 e5 9. dxe5 Nxe5 10. Nxe5 dxe5 11. Qxd8 Rxd8 12. Bg5 Re8 13. Rfd1 Be6 14. a5 Rac8 15. Bxf6 Bxf6 16. Bg4 Be7 17. Nd5 Bg5 18. Bxe6 Rxe6 {½-½ (41) Bindrich,F (2606)-Maghsoodloo,P (2688) St Petersburg 2018}) 8... Nb4 9. a5 e6 $1 {LiveBook: 21 Games} 10. Bg5 {The position is equal.} h6 11. Bh4 g5 12. Bg3 {Strongly threatening Ra4.} exd5 13. exd5 Bd7 $146 ({Predecessor:} 13... Bf5 14. Nd4 Bg6 15. Bf3 g4 16. Bxg4 Nxg4 17. Qxg4 Bxd4 {0-1 (68) Schoenau,W (2280)-Hirn,O Bayern 1995}) 14. Bc4 Bb5 ({Black should play} 14... Re8 $11) 15. Nxb5 $14 axb5 16. Bb3 Na6 17. Nd4 Nc5 18. Nf5 (18. c3 $1 $16) 18... Qd7 $11 19. Nxg7 Kxg7 20. Qd4 (20. c4 $11) 20... Rfe8 $15 21. f4 {[%cal Bf2f4,Bf4f5,Bf5f6][%mdl 32]} Re4 22. Qd2 g4 $1 23. f5 Rae8 24. Bf4 Ng8 (24... Kh7 $15 25. Bxh6 g3) 25. f6+ $11 Kh7 26. Bg3 (26. Ba2 $11) 26... Re2 $15 27. Qd1 {[#]} R8e4 $2 {[#]} (27... R8e3 $1 $17 {keeps the pressure on.}) 28. Ba2 (28. c4 $1 $16 {[%mdl 512]}) 28... Kh8 29. Bb1 $1 $36 {[%cal Ba2b1,Bb1f5,Bf5g4][%mdl 2080] White is pushing.} c6 $2 {[%mdl 8192]} (29... R4e3 $14) 30. c3 $18 Re8 31. Bf5 Qd8 32. Bxg4 Rxb2 33. Bh5 Ne4 $2 (33... Qd7 34. Qg4 Qxg4 35. Bxg4 Nb3) 34. Qc1 {White is clearly winning.} Rd2 35. Bxf7 Rf8 36. Bxg8 Kxg8 37. Re1 Qxf6 {And now ...Rxg2+! would win.} 38. Rxe4 Rxg2+ 39. Kxg2 Qf3+ 40. Kg1 Qxe4 41. Qxh6 Qxd5 {intending ...Qc5+.} 42. Qxd6 Qf5 43. Re1 Rf7 44. Qd4 Rd7 45. Qe5 Qxe5 46. Bxe5 {KRB-KR} Rd2 47. Bd4 b4 (47... Kf7 $142 48. Bc5 Kf6) 48. Be3 Rb2 49. cxb4 Rxb4 50. Bb6 Kf7 {[#]} 51. Re7+ $3 {[%mdl 512] Precision: White = 70%, Black = 38%.} 1-0